Metallic Magnetism

Salvato in:
Dettagli Bibliografici
Natura: Libro
Lingua:inglese
Pubblicazione: Berlin : Springer Verlag, 1986
Soggetti:
Tags: Aggiungi Tag
Nessun Tag, puoi essere il primo ad aggiungerne!!

MARC

LEADER 00000nam a22000003a 4500
001 stu44570
005 20150408180402.5
008 950424s1986----gw------------------eng-d
020 |a 3-540-16859-1 
040 |a STU  |b slo 
041 0 |a eng 
044 |a gw 
080 |a 669.017 
245 |a Metallic Magnetism 
260 |a Berlin :  |b Springer Verlag,  |c 1986 
300 |a 232 s 
650 7 |a materiály kovové  |2 stusub 
996 |b 284M025772  |c M*9088-1  |l MMKN  |s A  |a 24  |w stu44570_0001